All Friday the 13th Characters (Parts I - IV) - Statistics

General Stats
  • This quiz has been taken 11 times
  • The average score is 20 of 47
Answer Stats
Friday the 13th (1980) % Correct
Ali
80%
Alice Hardy
80%
Ginny Field
80%
Tommy Jarvis
80%
Jason Voorhees
70%
Pamela Voorhees
70%
Paul Guthrie
60%
Paul Holt
60%
Tina Moore
60%
Trish Jarvis
60%
Andy Beltrami
50%
Brenda Jones
50%
Chili Jachson
50%
Chris Higgins
50%
Chuck Gart
50%
Crazy Ralph
50%
Debbie Klein
50%
Jack Burrell
50%
Sandra Dier
50%
Shelly Finkelstein
50%
Annie Phillips
40%
Axel Burns (coroner)
40%
Marcie Stanler
40%
Mark Jarvis
40%
Ned Rubenstein
40%
Rob Dier
40%
Steve Christy
40%
Ted Bowen
40%
Ted Cooper
40%
Terry McCarthy
40%
Claudette Hayes
30%
Fox
30%
Jeff Dunsberry
30%
Jimmy Mortimer
30%
Rick Bombay
30%
Sara Parkington
30%
Terri Moore
30%
Vickie Perry
30%
Barry Jackson
20%
Bill Brown
20%
Douglas "Doug" Bell
20%
Loco
20%
Scott Cheney
20%
Vera Sanchez
20%
Nurse Robbie Morgan
10%
Samantha Lane
10%
Tracy Jarvis
10%
No matching quizzes found
Score Distribution
Percent of People with Each Score
Percentile by Number Answered
Your Score History
You have not taken this quiz